VOGELS'S QUALITATIVE INORGANIC ANALYSIS (Record no. 9454)

MARC details
000 -LEADER
fixed length control field 00513nam a22001697a 4500
003 - CONTROL NUMBER IDENTIFIER
control field SGT
020 ## - INTERNATIONAL STANDARD BOOK NUMBER
International Standard Book Number 9788131773710
082 ## - DEWEY DECIMAL CLASSIFICATION NUMBER
Classification number 546,SVE
100 ## - MAIN ENTRY--PERSONAL NAME
Personal name SVEHLA,G
245 ## - TITLE STATEMENT
Title VOGELS'S QUALITATIVE INORGANIC ANALYSIS
250 ## - EDITION STATEMENT
Edition statement 7TH
260 ## - PUBLICATION, DISTRIBUTION, ETC. (IMPRINT)
Place of publication, distribution, etc NEW DELHI
Name of publisher, distributor, etc PEARSON
Year of Publication 2015
300 ## - PAGE DESCRIPTION
No. of Pages 372
650 ## - SUBJECT ADDED ENTRY--TOPICAL TERM
Topical term or geographic name as entry element INORGANIC CHEMISTRY
653 ## - KEYWORDS--INDEX TERM
Keyword term EXPERIMENTAL TECHNIQUES, REACTIONS OF THE CATIONS , REACTIONS OF THE ANIONS, SELECTED TESTS AND SEPARATIONS , REACTIONS OF SOME LESS COMMON IONS,
942 ## - ADDED ENTRY ELEMENTS (KOHA)
Source of classification or shelving scheme Dewey Decimal Classification
Koha item type FPS Books
942 ## - ADDED ENTRY ELEMENTS (KOHA)
-- 2
Holdings
Withdrawn status Lost status Source of classification or shelving scheme Damaged status Not for loan Collection code Home library Current library Shelving location Date acquired Vendor Name Cost, normal purchase price SGTU Bill Number Total Checkouts Full call number Accession No. (Barcode) Date last seen Date last borrowed Bill Date Koha item type
    Dewey Decimal Classification   Not For Loan SCIENCE SGT Science & Social Sciences Library SGT Science & Social Sciences Library Reference Book 04/07/2016 KIRTI PRAKASHAN 775.00 SGTU 2947 2 546,SVE PS948 11/08/2023 03/08/2023 19/09/2015 FPS Books
    Dewey Decimal Classification     SCIENCE SGT Science & Social Sciences Library SGT Science & Social Sciences Library Reference Book 04/07/2016 KIRTI PRAKASHAN 775.00 SGTU 2947 1 546,SVE PS949 11/01/2019 09/01/2019 19/09/2015 FPS Books